[Event "BL 8182 SKJE-Düsseldorf"]
[Site "?"]
[Date "1982.??.??"]
[Round "?.1"]
[White "Backwinkel, P."]
[Black "Stein, B."]
[Result "0-1"]
[WhiteElo "2275"]
[BlackElo "2295"]
[PlyCount "72"]
[EventDate "1982.??.??"]

1. Nf3 Nf6 2. g3 d6 3. d4 c6 4. Bg2 Nbd7 5. Nc3 e5 6. e4 Be7 7. a4 a5 8. O-O
O-O 9. h3 Re8 10. Re1 Qc7 11. Be3 Bf8 12. Qd2 Qb8 13. Rad1 b5 14. axb5 cxb5 15.
Nh4 b4 16. Na4 exd4 17. Bxd4 Bb7 18. Qf4 Bc6 19. b3 Qb7 20. f3 Bxa4 21. bxa4
Qc6 22. Nf5 Re6 23. Qg5 Kh8 24. Bf1 Qxc2 25. Rc1 Qxa4 26. Rc7 h6 27. Qh4 Ne5
28. Bxe5 dxe5 29. g4 Rc6 30. Rxf7 Qb3 31. Nxh6 gxh6 32. Rxf6 Rxf6 33. Qxf6+ Bg7
34. Qg6 Qxf3 35. Bg2 Qf6 36. Qh5 b3 0-1

[Event "BL 8182 SKJE-Düsseldorf"]
[Site "?"]
[Date "1982.??.??"]
[Round "?.4"]
[White "Fehrig, A."]
[Black "Schiffer, K."]
[Result "0-1"]
[WhiteElo "2215"]
[BlackElo "2365"]
[PlyCount "94"]
[EventDate "1982.??.??"]

1. e4 c5 2. Nf3 a6 3. c4 e6 4. Nc3 d6 5. d4 cxd4 6. Nxd4 Nf6 7. Be2 Be7 8. O-O
O-O 9. Nc2 Qc7 10. Bg5 Nbd7 11. Kh1 b6 12. Qd2 Bb7 13. f3 Rac8 14. Rac1 Rfd8
15. Rfd1 Ne5 16. Ne1 Qb8 17. b3 Bc6 18. a4 h6 19. Bf4 Qb7 20. Bg3 Ng6 21. Nd3
d5 22. cxd5 exd5 23. e5 Nh5 24. Qe1 d4 25. Na2 a5 26. Qf2 Bd5 27. Rxc8 Qxc8 28.
Rb1 Qf5 29. Nac1 Bg5 30. Qxd4 Bxf3 31. Qf2 Nxg3+ 32. hxg3 Be4 33. Qxf5 Bxf5 34.
Ra1 Rd5 35. Nf2 Nxe5 36. Bf3 Rd2 37. Ra2 Nxf3 38. gxf3 Rxf2 39. Rxf2 Bxc1 40.
g4 Be6 41. Rc2 Be3 42. Rc3 Bc5 43. Kg2 g5 44. Rd3 Kg7 45. Kg3 f5 46. Kh3 fxg4+
47. fxg4 h5 0-1

[Event "BL 8182 HSK-Porz"]
[Site "?"]
[Date "1982.??.??"]
[Round "?.2"]
[White "Chandler, M."]
[Black "Miles, A."]
[Result "1-0"]
[WhiteElo "2535"]
[BlackElo "2565"]
[PlyCount "53"]
[EventDate "1982.??.??"]

1. e4 c5 2. Nf3 d6 3. d4 cxd4 4. Nxd4 Nf6 5. Nc3 g6 6. g3 Nc6 7. Nde2 Bd7 8.
Bg2 Qc8 9. h3 Bg7 10. a4 O-O 11. Nf4 Nb4 12. Be3 Rd8 13. Qd2 e5 14. Nd3 Nc6 15.
Bh6 Bxh6 16. Qxh6 Nd4 17. O-O Qc4 18. f4 Nxc2 19. fxe5 Nh5 20. Nd5 Qxd3 21.
Rad1 Qxg3 22. Ne7+ Kh8 23. Rf3 dxe5 24. Rxg3 Nxg3 25. Qg5 Nh5 26. Qxe5+ f6 27.
Qc7 1-0

[Event "BL 8182 HSK-Porz"]
[Site "?"]
[Date "1982.??.??"]
[Round "?.3"]
[White "Reefschlaeger, H."]
[Black "Cordes, H."]
[Result "1-0"]
[WhiteElo "2410"]
[BlackElo "2280"]
[PlyCount "92"]
[EventDate "1982.??.??"]

1. d4 g6 2. e4 c6 3. c4 d6 4. Nc3 Bg7 5. Be3 e5 6. d5 Nf6 7. f3 O-O 8. Bd3 b5
9. Nge2 bxc4 10. Bxc4 c5 11. O-O Nfd7 12. Bb5 Ba6 13. Qd3 Qb6 14. b3 Rc8 15.
Bc4 Bxc4 16. bxc4 Na6 17. Rfb1 Qd8 18. a3 Nc7 19. Nb5 Nxb5 20. Rxb5 Rab8 21.
Rab1 Rb6 22. Bd2 Rxb5 23. cxb5 Bf6 24. a4 Bg5 25. Bxg5 Qxg5 26. a5 c4 27. Qc3
f5 28. b6 axb6 29. axb6 fxe4 30. fxe4 Nc5 31. Ng3 Nd3 32. Nf1 Nf4 33. Qf3 Rb8
34. Ne3 c3 35. Nc2 Qd8 36. Qe3 Qc8 37. g3 Qg4 38. Re1 Nh3+ 39. Kh1 Rxb6 40.
Qxc3 Rb8 41. Qe3 Rf8 42. Qe2 Qg5 43. Ne3 Nf2+ 44. Kg1 Nxe4 45. Nc4 Nxg3 46. Qg2
Qh4 {ZÜ} 1-0

[Event "BL 8182 HSK-Porz"]
[Site "?"]
[Date "1982.??.??"]
[Round "?.5"]
[White "Ostermeyer, P."]
[Black "Jacoby, G."]
[Result "1-0"]
[WhiteElo "2415"]
[BlackElo "2270"]
[PlyCount "55"]
[EventDate "1982.??.??"]

1. d4 d5 2. c4 dxc4 3. Nf3 Nf6 4. e3 e6 5. Bxc4 c5 6. O-O cxd4 7. exd4 Nc6 8.
Nc3 Be7 9. Re1 O-O 10. a3 b6 11. d5 Nxd5 12. Nxd5 exd5 13. Qxd5 Bb7 14. Qh5 Qd6
15. Bg5 Rad8 16. Bxe7 Nxe7 17. Ng5 Qg6 18. Qxh7+ Qxh7 19. Nxh7 Kxh7 20. Rxe7
Bd5 21. Bxd5 Rxd5 22. Rxa7 Rd2 23. b4 Rfd8 24. g3 Kg6 25. Re1 R8d6 26. Rae7 Ra2
27. R7e3 Rf6 28. R1e2 1-0

[Event "BL 8182 HSK-Porz"]
[Site "?"]
[Date "1982.??.??"]
[Round "?.6"]
[White "Zieher, H."]
[Black "Gerusel, M."]
[Result "1-0"]
[WhiteElo "2280"]
[BlackElo "2380"]
[PlyCount "96"]
[EventDate "1982.??.??"]

1. e4 c5 2. Nf3 e6 3. d4 cxd4 4. Nxd4 a6 5. Bd3 g6 6. Nc3 Bg7 7. Be3 Ne7 8. O-O
Nbc6 9. Nxc6 bxc6 10. Na4 d6 11. Bb6 Qd7 12. Ba5 Qb7 13. Rb1 Bd7 14. Be2 Nc8
15. b4 Qa7 16. c4 O-O 17. Bf3 Rb8 18. Qc2 Bd4 19. a3 e5 20. c5 Be6 21. Rbc1 d5
22. exd5 cxd5 23. c6 Nd6 24. c7 Rbc8 25. Qc6 Nc4 26. Be2 Qa8 27. Qxa8 Rxa8 28.
Bxc4 dxc4 29. Nb6 c3 30. Na4 Bc4 31. Rfe1 Ra7 32. Nxc3 Rc8 33. Ne4 Be6 34. Nd6
Rf8 35. c8=Q Bxc8 36. Rxc8 Rd7 37. Rxf8+ Kxf8 38. Ne4 Kg7 39. g3 f5 40. Ng5 h6
41. Nf3 Bc3 42. Rc1 Rd3 43. Ne1 Bxe1 44. Rxe1 e4 45. a4 Ra3 46. Rc1 Kf6 47.
Rc6+ Kg5 48. Rxa6 Rxa4 {.../??/} 1-0

[Event "BL 8182 HSK-Porz"]
[Site "?"]
[Date "1982.??.??"]
[Round "?.7"]
[White "Dankert, P."]
[Black "Fette, M."]
[Result "1-0"]
[WhiteElo "2380"]
[BlackElo "2235"]
[PlyCount "111"]
[EventDate "1982.??.??"]

1. e4 c6 2. d4 d5 3. Nc3 dxe4 4. Nxe4 Nd7 5. Nf3 Ngf6 6. Nxf6+ Nxf6 7. Bc4 Bf5
8. O-O e6 9. Re1 Be7 10. Bg5 O-O 11. h3 h6 12. Bf4 Qb6 13. Bb3 Rad8 14. Qe2 c5
15. c3 Nd5 16. Be5 cxd4 17. Nxd4 Bg6 18. Qg4 Kh7 19. Bc2 f5 20. Qg3 Bf6 21. Bb3
f4 22. Qg4 Ne3 23. Qxe6 Qc5 24. Bxf4 Nd5 25. Bg3 Nb4 26. Qe2 Bxd4 27. cxd4 Qxd4
28. Red1 Nd3 29. Rd2 Rfe8 30. Qf1 Qf6 31. Bc2 Nc5 32. Bxg6+ Qxg6 33. Rxd8 Rxd8
34. Qb5 b6 35. Re1 Rd2 36. Bf4 Rc2 37. Rd1 Qf5 38. Be3 a6 39. Qxb6 Nd3 40. b3
Rxa2 41. Qd4 Ne5 42. Qd5 Qc2 43. Rd2 Qb1+ 44. Rd1 Qc2 45. Rc1 Qf5 46. Rc5 Qb1+
47. Kh2 Ng6 48. Rc1 Qb2 49. Qd3 Qf6 50. Qe4 Qd6+ 51. g3 Qf6 52. Kg2 Qe5 53. Qd3
Qe6 54. Rc7 Kg8 55. Qd4 Ne7 56. Qd8+ 1-0

[Event "BL 8182 HSK-Porz"]
[Site "?"]
[Date "1982.??.??"]
[Round "?.8"]
[White "Schroeder, C."]
[Black "Staller, P."]
[Result "1/2-1/2"]
[WhiteElo "2240"]
[BlackElo "2360"]
[PlyCount "73"]
[EventDate "1982.??.??"]

1. e4 c5 2. Nf3 d6 3. d4 cxd4 4. Nxd4 Nf6 5. Nc3 Nc6 6. Bc4 Qb6 7. Nb3 g6 8.
Be3 Qd8 9. Be2 Bg7 10. O-O O-O 11. f4 b6 12. Bf3 Bb7 13. Rf2 Rc8 14. Rd2 Qc7
15. g4 Rfd8 16. g5 Nd7 17. Nd5 Qb8 18. Nd4 Bxd4 19. Bxd4 Nxd4 20. Rxd4 Bxd5 21.
exd5 Qc7 22. c3 Nc5 23. Bg4 Rb8 24. Qf3 f5 25. Bh3 e5 26. dxe6 Nxe6 27. Rd2 d5
28. Rf1 Qc5+ 29. Kh1 d4 30. cxd4 Nxd4 31. Qe3 Rd6 32. Rfd1 Rbd8 33. Bg2 Kf7 34.
Qh3 Kg8 35. Qe3 Kf7 36. Qh3 Kg8 37. Qe3 1/2-1/2

[Event "BL 8182 Düsseldorf-HSK"]
[Site "?"]
[Date "1982.??.??"]
[Round "?.1"]
[White "Huebner, R."]
[Black "Backwinkel, P."]
[Result "1-0"]
[WhiteElo "2640"]
[BlackElo "2275"]
[PlyCount "61"]
[EventDate "1982.??.??"]

1. e4 c6 2. c4 e5 3. Nf3 Qa5 4. Nc3 Bb4 5. Be2 Nf6 6. Qc2 O-O 7. O-O Re8 8. a3
Bf8 9. d4 d6 10. h3 Nbd7 11. b4 Qc7 12. Be3 a5 13. Rab1 axb4 14. axb4 exd4 15.
Nxd4 Ne5 16. Rfe1 Ng6 17. Bf1 Bd7 18. Rb3 Re5 19. f3 Rae8 20. Bf2 Qd8 21. Qd2
Nh5 22. g3 Qf6 23. Bg2 Rg5 24. Nce2 d5 25. f4 Nhxf4 26. gxf4 Rxg2+ 27. Kxg2
Rxe4 28. cxd5 Bd6 29. dxc6 Bxf4 30. Nxf4 Rxd4 31. Qxd4 1-0

[Event "BL 8182 Düsseldorf-HSK"]
[Site "?"]
[Date "1982.??.??"]
[Round "?.2"]
[White "Vetter, H."]
[Black "Chandler, M."]
[Result "0-1"]
[WhiteElo "2250"]
[BlackElo "2535"]
[PlyCount "80"]
[EventDate "1982.??.??"]

1. e4 c5 2. c3 d5 3. exd5 Qxd5 4. d4 Nf6 5. Nf3 Nc6 6. Be2 cxd4 7. cxd4 e6 8.
Nc3 Qd6 9. O-O Be7 10. Qc2 O-O 11. Rd1 Nb4 12. Qb3 b6 13. Bg5 Nbd5 14. Bxf6
Bxf6 15. Nxd5 exd5 16. Ne5 Bf5 17. Ba6 Bg5 18. Qg3 Qh6 19. Ng4 Qg6 20. Ne5 Qf6
21. Nf3 Bh6 22. Qe5 Qe6 23. Qg3 b5 24. Bxb5 Rab8 25. Ba4 Rxb2 26. Re1 Qb6 27.
Bb3 Be4 28. Ne5 Qxd4 29. Rad1 Rd2 30. Ng4 Bg5 31. h4 Bf5 32. hxg5 Bxg4 33. Rxd2
Qxd2 34. Re7 Qxg5 35. Rxa7 h5 36. Qe3 Qd8 37. Qf4 Qb6 38. Re7 Be6 39. Qe5 Rc8
40. Bc2 Kf8 0-1

[Event "BL 8182 Düsseldorf-HSK"]
[Site "?"]
[Date "1982.??.??"]
[Round "?.4"]
[White "Schiffer, K."]
[Black "Gruenberg, Ra"]
[Result "1-0"]
[WhiteElo "2365"]
[BlackElo "2300"]
[PlyCount "135"]
[EventDate "1982.??.??"]

1. d4 Nf6 2. c4 g6 3. Nc3 d5 4. Bg5 Ne4 5. Bh4 c5 6. cxd5 Nxc3 7. bxc3 Qxd5 8.
e3 Nc6 9. Qf3 Be6 10. Nh3 cxd4 11. Qxd5 Bxd5 12. Nf4 Be4 13. f3 Bf5 14. cxd4
Bh6 15. Bg3 O-O 16. Kf2 Rac8 17. Be2 Nb4 18. e4 g5 19. Nd3 Nxd3+ 20. Bxd3 Rc3
21. Ke2 Bd7 22. Be1 Rc6 23. Rb1 b6 24. d5 Rc7 25. Bd2 Kg7 26. g4 Ba4 27. Rbc1
Rfc8 28. Rxc7 Rxc7 29. h4 f6 30. hxg5 fxg5 31. Rh5 Bc2 32. Bxg5 Bxd3+ 33. Kxd3
Bxg5 34. Rxg5+ Kf6 35. Rf5+ Kg7 36. Re5 Kf7 37. Re6 Rc5 38. Rh6 Kg7 39. Rc6 Ra5
40. Kd4 Rxa2 41. Ke5 Kf7 42. Rc7 Ra5 43. Rb7 h6 44. f4 Kf8 45. Ke6 Ra4 46. Kf5
Ke8 47. e5 Kd8 48. g5 hxg5 49. fxg5 Ra1 50. Ke6 Rg1 51. Rxa7 Rxg5 52. Rd7+ Kc8
53. Rxe7 b5 54. d6 b4 55. Rc7+ Kb8 56. Rc4 Rg6+ 57. Kd5 Rg1 58. Rxb4+ Kc8 59.
Rc4+ Kd8 60. e6 Rd1+ 61. Kc6 Rd2 62. e7+ Ke8 63. Rh4 Rc2+ 64. Kb5 Rb2+ 65. Kc4
Re2 66. Rh8+ Kd7 67. Rd8+ Kc6 68. e8=Q+ 1-0

[Event "BL 8182 Düsseldorf-HSK"]
[Site "?"]
[Date "1982.??.??"]
[Round "?.6"]
[White "Schlaugat, M."]
[Black "Fette, M."]
[Result "1-0"]
[WhiteElo "2250"]
[BlackElo "2235"]
[PlyCount "83"]
[EventDate "1982.??.??"]

1. e4 c6 2. d4 d5 3. e5 Bf5 4. h4 h5 5. Ne2 e6 6. Ng3 Bg6 7. Be2 c5 8. c3 Bxb1
9. Rxb1 g6 10. Qa4+ Nc6 11. Bg5 Qd7 12. Bb5 cxd4 13. cxd4 Bb4+ 14. Kf1 Be7 15.
Be3 Nh6 16. Rc1 Rc8 17. Bxc6 bxc6 18. b4 Ng4 19. Bd2 Kf8 20. Ne2 Kg7 21. Rh3
Qb7 22. a3 Qb6 23. Rhc3 Bxh4 24. Rxc6 Rxc6 25. Rxc6 Qd8 26. f3 Nh6 27. Bxh6+
Kxh6 28. Qxa7 Rh7 29. Rc7 Qe8 30. a4 Bd8 31. Rd7 g5 32. b5 g4 33. f4 h4 34. f5
h3 35. Kg1 Bb6 36. Qb7 Kg5 37. Qc6 Kxf5 38. Qc2+ Kg5 39. Qd2+ Kg6 40. Rd6 Bd8
41. Qc2+ Kg5 42. Qxh7 1-0

[Event "BL 8182 Porz-SKJE"]
[Site "?"]
[Date "1982.??.??"]
[Round "?.1"]
[White "Stein, B."]
[Black "Hort, V."]
[Result "0-1"]
[WhiteElo "2295"]
[BlackElo "2595"]
[PlyCount "101"]
[EventDate "1982.??.??"]

1. e4 c5 2. c3 d5 3. exd5 Qxd5 4. d4 Nf6 5. Nf3 e6 6. Be2 Nc6 7. O-O Be7 8. Na3
O-O 9. dxc5 Bxc5 10. Nc2 Rd8 11. Bg5 Qf5 12. Qc1 h6 13. Be3 b6 14. Ncd4 Bxd4
15. Nxd4 Nxd4 16. Bxd4 e5 17. Be3 Bb7 18. a4 Nd5 19. a5 Rd6 20. axb6 axb6 21.
Rxa8+ Bxa8 22. c4 Nb4 23. Rd1 Rg6 24. g3 Kh7 25. Rd8 Bc6 26. Qd2 Qb1+ 27. Bd1
Rf6 28. Qe2 Qe4 29. f3 Qb1 30. Qf1 Qxb2 31. Bxb6 Qc3 32. Ba5 Qa3 33. Bxb4 Qxb4
34. Qd3+ e4 35. Qe3 exf3 36. Qd3+ g6 37. Kf2 Re6 38. Qd2 Qxc4 39. Bxf3 Rf6 40.
Rd3 Qe4 41. Qe2 Rxf3+ 42. Rxf3 Qxf3+ 43. Qxf3 Bxf3 44. Kxf3 Kg7 45. h3 Kf6 46.
Kf4 Ke6 47. h4 Kd5 48. h5 Ke6 49. hxg6 fxg6 50. Ke4 Kf6 51. Kf4 0-1

[Event "BL 8182 Porz-SKJE"]
[Site "?"]
[Date "1982.??.??"]
[Round "?.4"]
[White "Ostermeyer, P."]
[Black "Fehrig, A."]
[Result "1-0"]
[WhiteElo "2415"]
[BlackElo "2215"]
[PlyCount "55"]
[EventDate "1982.??.??"]

1. d4 Nf6 2. c4 d6 3. Nc3 Nbd7 4. e4 e5 5. Nf3 c6 6. Be2 Be7 7. O-O O-O 8. Re1
a6 9. a3 Qc7 10. b4 b5 11. h3 Bb7 12. Be3 bxc4 13. Bxc4 d5 14. dxe5 Nxe4 15.
Nxe4 dxe4 16. e6 Nb6 17. Bxb6 Qxb6 18. exf7+ Kh8 19. Rxe4 Bf6 20. Rb1 Rad8 21.
Qe2 c5 22. Re6 Qc7 23. Ne5 cxb4 24. axb4 Bd5 25. Bxd5 Rxd5 26. Re8 Rd8 27. Rd1
Rc8 28. Nd7 1-0

[Event "BL 8182 FH Hamburg-Erlangen"]
[Site "?"]
[Date "1982.??.??"]
[Round "?.1"]
[White "Feustel, B."]
[Black "Wockenfuss, K."]
[Result "1/2-1/2"]
[WhiteElo "2375"]
[BlackElo "2380"]
[PlyCount "28"]
[EventDate "1982.??.??"]

1. Nf3 g6 2. c4 Bg7 3. g3 c6 4. Bg2 d5 5. Na3 e5 6. d3 Ne7 7. O-O O-O 8. Rb1 a5
9. b3 Na6 10. Bb2 f6 11. Nc2 b5 12. Nd2 Be6 13. f4 Qd6 14. Qe1 Nb4 1/2-1/2

[Event "BL 8182 FH Hamburg-Erlangen"]
[Site "?"]
[Date "1982.??.??"]
[Round "?.2"]
[White "Fries Nielsen, J."]
[Black "Heidrich, M."]
[Result "1-0"]
[WhiteElo "2350"]
[BlackElo "2225"]
[PlyCount "59"]
[EventDate "1982.??.??"]

1. Nf3 f5 2. d4 g6 3. g3 Bg7 4. Bg2 Nf6 5. O-O O-O 6. Nbd2 d6 7. c3 Kh8 8. Re1
Nc6 9. e4 fxe4 10. Nxe4 Nxe4 11. Rxe4 e5 12. Bg5 Bf6 13. Bh6 Re8 14. dxe5 Nxe5
15. Nxe5 Bxe5 16. Qd2 Bf5 17. Rb4 Rb8 18. Rxb7 Rxb7 19. Bxb7 Qd7 20. Qd5 Be6
21. Qf3 Rb8 22. Bd5 Bg4 23. Qe3 c6 24. Bb3 a5 25. Re1 Bf6 26. Qf4 Bg7 27. Bxg7+
Kxg7 28. Qd4+ Kh6 29. h3 Bh5 30. g4 1-0

[Event "BL 8182 FH Hamburg-Erlangen"]
[Site "?"]
[Date "1982.??.??"]
[Round "?.3"]
[White "Roeder, F."]
[Black "Rosin, W."]
[Result "0-1"]
[WhiteElo "2275"]
[BlackElo "2265"]
[PlyCount "106"]
[EventDate "1982.??.??"]

1. e4 Nc6 2. Nc3 e5 3. Bc4 Nf6 4. d3 Bb4 5. Bg5 h6 6. Bxf6 Bxc3+ 7. bxc3 Qxf6
8. Ne2 Na5 9. Bb5 O-O 10. O-O c6 11. Ba4 d5 12. Ng3 Qh4 13. Qd2 f5 14. c4 b6
15. cxd5 f4 16. dxc6 fxg3 17. hxg3 Qf6 18. f4 exf4 19. d4 g5 20. e5 Qf5 21.
Rae1 Ba6 22. Rf3 Rad8 23. e6 Nc4 24. Qd3 Rde8 25. e7 Rf7 26. Qxf5 Rxf5 27. c7
b5 28. Bb3 Kf7 29. Bxc4+ bxc4 30. Ra3 Bc8 31. Rxa7 Rxe7 32. Rxe7+ Kxe7 33. gxf4
Rxf4 34. c3 Rf6 35. d5 Kd6 36. Ra5 Rf7 37. Rb5 Rxc7 38. a4 Rb7 39. Ra5 Rb3 40.
Ra8 Bd7 41. Ra6+ Kxd5 42. a5 Bc6 43. Ra7 Rxc3 44. Rh7 Ra3 45. Rxh6 Rxa5 46. Rg6
Kc5 47. Rxg5+ Kb4 48. Rg6 Rc5 49. Rg8 c3 50. Rb8+ Bb5 51. Ra8 c2 52. Ra1 c1=Q+
53. Rxc1 Rxc1+ 0-1

[Event "BL 8182 FH Hamburg-Erlangen"]
[Site "?"]
[Date "1982.??.??"]
[Round "?.4"]
[White "Kordsachia, T."]
[Black "Tischer, G."]
[Result "0-1"]
[WhiteElo "2350"]
[BlackElo "2275"]
[PlyCount "82"]
[EventDate "1982.??.??"]

1. d4 Nf6 2. Nf3 g6 3. c4 Bg7 4. Nc3 d6 5. e4 O-O 6. Bd3 e5 7. d5 Nbd7 8. Bg5
h6 9. Bd2 Nc5 10. Bc2 a5 11. a3 Nh5 12. b4 Nd7 13. g3 Nb6 14. Bd3 axb4 15. axb4
Rxa1 16. Qxa1 Bh3 17. Rg1 f5 18. Nh4 Qf6 19. c5 Nc8 20. Qd1 Ne7 21. cxd6 cxd6
22. Qa4 g5 23. Nxf5 Nxf5 24. exf5 Bxf5 25. Be2 Bd3 26. Qa7 Bxe2 27. Kxe2 Qf3+
28. Ke1 Nf6 29. Qe3 Qh5 30. Ne4 Nxe4 31. Qxe4 Qxh2 32. Rf1 Qh5 33. Be3 Ra8 34.
g4 Qh3 35. Ke2 Ra2+ 36. Bd2 Rxd2+ 37. Kxd2 Qxf1 38. Qf5 Qc4 39. Qe6+ Kh8 40.
Ke3 Qf4+ 41. Ke2 e4 0-1

[Event "BL 8182 FH Hamburg-Erlangen"]
[Site "?"]
[Date "1982.??.??"]
[Round "?.5"]
[White "Stoll, J."]
[Black "Schmidt, Wo"]
[Result "0-1"]
[WhiteElo "2225"]
[BlackElo "2295"]
[PlyCount "78"]
[EventDate "1982.??.??"]

1. d4 Nf6 2. c4 e6 3. Nf3 b6 4. g3 Bb7 5. Bg2 Bb4+ 6. Bd2 Qe7 7. O-O Bxd2 8.
Qxd2 d6 9. d5 e5 10. Nc3 a5 11. a3 Na6 12. b4 axb4 13. axb4 O-O 14. Qb2 Nd7 15.
e4 g6 16. Bh3 Rad8 17. Nh4 Bc8 18. Nb5 Ndb8 19. Bxc8 Rxc8 20. Na7 Rce8 21. Nc6
Qd7 22. Ra4 Qg4 23. f3 Qh5 24. Qa3 f5 25. exf5 gxf5 26. Rxa6 Nxa6 27. Qxa6 f4
28. Qa3 fxg3 29. hxg3 Qg5 30. Kg2 Ra8 31. Qb3 Rf7 32. Qd3 Kh8 33. Rf2 Rg8 34.
f4 Qxh4 35. fxe5 Rxf2+ 36. Kxf2 Qh2+ 37. Kf1 Rxg3 38. Qd4 Qh1+ 39. Ke2 Rg2+ 0-1

[Event "BL 8182 Delmenhorst-Markth'feld"]
[Site "?"]
[Date "1982.??.??"]
[Round "?.1"]
[White "Goehring, K."]
[Black "Juhnke, K."]
[Result "1/2-1/2"]
[WhiteElo "2320"]
[BlackElo "2320"]
[PlyCount "39"]
[EventDate "1982.??.??"]

1. d4 Nf6 2. c4 g6 3. Nc3 Bg7 4. e4 d6 5. Be2 O-O 6. Bg5 c5 7. d5 h6 8. Be3 e6
9. dxe6 Bxe6 10. Qd2 Kh7 11. Nf3 Nc6 12. h3 Qa5 13. O-O Rfd8 14. Rfd1 a6 15. a3
Ne8 16. Qc2 Rab8 17. Bd2 Qc7 18. Be3 Qa5 19. Bd2 Qc7 20. Be3 1/2-1/2

[Event "BL 8182 Delmenhorst-Markth'feld"]
[Site "?"]
[Date "1982.??.??"]
[Round "?.2"]
[White "Hermann, Man"]
[Black "Bartsch, B."]
[Result "1/2-1/2"]
[WhiteElo "2380"]
[BlackElo "2265"]
[PlyCount "100"]
[EventDate "1982.??.??"]

1. e4 g6 2. d4 Bg7 3. Nc3 c6 4. Nf3 d5 5. Be2 dxe4 6. Nxe4 Nd7 7. Bc4 Ngf6 8.
Nxf6+ Nxf6 9. O-O O-O 10. Bf4 Bg4 11. Be5 Nd5 12. Bxg7 Kxg7 13. Bb3 e6 14. h3
Bxf3 15. Qxf3 Qf6 16. Qe4 Rad8 17. Rad1 Rd7 18. Rfe1 Re8 19. g3 Rde7 20. f4 Rd7
21. c3 Red8 22. Kg2 b6 23. Qe5 Qxe5 24. Rxe5 Kf6 25. Kf3 Ne7 26. Rde1 h5 27. g4
hxg4+ 28. hxg4 Rh8 29. Kg3 Rh7 30. Bc4 Nd5 31. Bf1 Rd8 32. Bg2 Rdh8 33. a3 Rh2
34. Rf1 R8h4 35. Ree1 Rh8 36. Rh1 Rxh1 37. Bxh1 Rc8 38. Bg2 Rh8 39. Re5 Rd8 40.
Re1 Rh8 41. Bf3 Rh7 42. Re5 Rh8 43. c4 Ne7 44. d5 cxd5 45. cxd5 Nxd5 46. Bxd5
exd5 47. g5+ Kg7 48. Rxd5 Rc8 49. Rd7 Rc2 50. Rxa7 Rxb2 1/2-1/2

[Event "BL 8182 Delmenhorst-Markth'feld"]
[Site "?"]
[Date "1982.??.??"]
[Round "?.3"]
[White "Riefner, E."]
[Black "Meyer, CD."]
[Result "0-1"]
[WhiteElo "2245"]
[BlackElo "2285"]
[PlyCount "102"]
[EventDate "1982.??.??"]

1. e4 c5 2. Nf3 d6 3. d4 cxd4 4. Nxd4 Nf6 5. Nc3 Nc6 6. Bc4 e6 7. Bb3 Be7 8.
Be3 O-O 9. O-O a6 10. f4 Nxd4 11. Bxd4 b5 12. e5 dxe5 13. fxe5 Nd7 14. Ne4 Bb7
15. Qg4 Bxe4 16. Qxe4 Nc5 17. Qg4 Nxb3 18. axb3 Qc7 19. Qe4 Bc5 20. Rfd1 Rad8
21. Bxc5 Qxc5+ 22. Kh1 g6 23. b4 Qf2 24. Rf1 Qd4 25. Qxd4 Rxd4 26. c3 Re4 27.
Rxa6 Rxe5 28. h3 Rd5 29. Rc6 Rfd8 30. Rc5 e5 31. Re1 f6 32. Ra1 R8d7 33. Ra5 e4
34. Rxd5 Rxd5 35. Kg1 f5 36. b3 e3 37. Kf1 f4 38. Ra2 Kf7 39. c4 Rd3 40. Rb2
Ke6 41. Ke2 Rc3 42. cxb5 Kd5 43. Kf3 g5 44. h4 h6 45. hxg5 hxg5 46. b6 Rc6 47.
g3 Rxb6 48. gxf4 gxf4 49. Kxf4 Kd4 50. Re2 Rf6+ 51. Kg5 Rf2 0-1

[Event "BL 8182 Delmenhorst-Markth'feld"]
[Site "?"]
[Date "1982.??.??"]
[Round "?.4"]
[White "Dornieden, M."]
[Black "Meinberger, L."]
[Result "1/2-1/2"]
[WhiteElo "2325"]
[BlackElo "2240"]
[PlyCount "40"]
[EventDate "1982.??.??"]

1. c4 c5 2. g3 e6 3. Nf3 Nf6 4. Bg2 a6 5. O-O Be7 6. d4 cxd4 7. Nxd4 O-O 8. Nc3
Qc7 9. Na4 d6 10. h3 Nbd7 11. b3 Re8 12. Bb2 Nf8 13. Rc1 Bd7 14. Nc3 Rac8 15.
Qd3 Qb8 16. Rfd1 Ng6 17. Ne4 b5 18. cxb5 axb5 19. Nf3 Nxe4 20. Qxe4 Qa7 1/2-1/2

[Event "BL 8182 Delmenhorst-Markth'feld"]
[Site "?"]
[Date "1982.??.??"]
[Round "?.6"]
[White "Hickl, T."]
[Black "Jahr, U."]
[Result "1-0"]
[WhiteElo "2235"]
[BlackElo "2215"]
[PlyCount "69"]
[EventDate "1982.??.??"]

1. Nf3 f5 2. d4 Nf6 3. c4 g6 4. b4 Bg7 5. Bb2 O-O 6. e3 d6 7. Be2 Ne4 8. Nbd2
c6 9. h4 h6 10. Qb3 Nxd2 11. Nxd2 Nd7 12. f4 Nf6 13. h5 gxh5 14. Bxh5 Nxh5 15.
Rxh5 Qe8 16. Rh3 Qg6 17. Kf2 Kf7 18. Rah1 Rg8 19. Rg3 Qh7 20. Qd1 Bd7 21. Qh5+
Kf8 22. Nf3 Be8 23. Qh3 a5 24. e4 e6 25. Re1 Bg6 26. b5 Re8 27. e5 d5 28. cxd5
exd5 29. Nh4 Bf7 30. Ba3+ Re7 31. Nxf5 Be6 32. Bxe7+ Ke8 33. Nxg7+ Rxg7 34.
Qxe6 Qc2+ 35. Re2 1-0

[Event "BL 8182 Erlangen-Delmenhorst"]
[Site "?"]
[Date "1982.??.??"]
[Round "?.1"]
[White "Juhnke, K."]
[Black "Feustel, B."]
[Result "0-1"]
[WhiteElo "2320"]
[BlackElo "2375"]
[PlyCount "50"]
[EventDate "1982.??.??"]

1. d4 g6 2. c4 Bg7 3. e4 d6 4. Nc3 Nd7 5. Be3 e6 6. Qd2 h6 7. f4 Ne7 8. Nf3 a6
9. Bd3 b6 10. Rg1 Bb7 11. g4 c5 12. f5 Nc6 13. Qf2 cxd4 14. Nxd4 Nxd4 15. Bxd4
Bxd4 16. Qxd4 Qh4+ 17. Rg3 Qxh2 18. O-O-O O-O-O 19. fxe6 fxe6 20. Qxd6 Nc5 21.
Qxb6 Qxg3 22. Qxc5+ Kb8 23. Ne2 Qxg4 24. Nd4 Qf4+ 25. Rd2 Qd6 0-1

[Event "BL 8182 Erlangen-Delmenhorst"]
[Site "?"]
[Date "1982.??.??"]
[Round "?.2"]
[White "Heidrich, M."]
[Black "Hermann, Man"]
[Result "1/2-1/2"]
[WhiteElo "2225"]
[BlackElo "2380"]
[PlyCount "165"]
[EventDate "1982.??.??"]

1. e4 c6 2. d4 d5 3. Nd2 dxe4 4. Nxe4 Nf6 5. Nxf6+ gxf6 6. c3 Bf5 7. Ne2 Nd7 8.
Ng3 Bg6 9. h4 h5 10. Bf4 e6 11. Bd3 Bxd3 12. Qxd3 Be7 13. O-O-O Qa5 14. Kb1
O-O-O 15. c4 Ne5 16. Qe2 Ng6 17. Bd2 Qc7 18. Bc3 Qf4 19. Bd2 Qxd4 20. Ba5 Qe5
21. Bxd8 Qxe2 22. Nxe2 Bxd8 23. Nc3 f5 24. g3 Ne5 25. b3 Ng4 26. Rd2 Bb6 27.
Rf1 Rg8 28. b4 Bxf2 29. Rfxf2 Nxf2 30. Rxf2 Rxg3 31. Ne2 Rg4 32. Rf4 Rg2 33.
Nc1 Kd7 34. Nd3 Ke7 35. a4 Kf6 36. Rd4 Ke7 37. Rf4 Rd2 38. Rd4 Rh2 39. b5 Rg2
40. bxc6 bxc6 41. Ne5 c5 42. Rd7+ Kf6 43. Nxf7 Rg7 44. Rxa7 Rg4 45. Nd6 Ke5 46.
Rd7 f4 47. Nf7+ Kf6 48. Nd8 Ke5 49. Nf7+ Kf6 50. Nd8 Ke5 51. a5 f3 52. Nf7+ Kf4
53. Ng5 Rxh4 54. a6 Kxg5 55. a7 f2 56. Rd1 Rd4 57. Rf1 Rd8 58. Rxf2 h4 59. Rf7
h3 60. Rh7 Ra8 61. Kc2 h2 62. Rxh2 Rxa7 63. Kd3 Kf4 64. Rf2+ Ke5 65. Re2+ Kd6
66. Rb2 Rh7 67. Rb6+ Ke5 68. Rc6 Rh3+ 69. Kd2 Kd4 70. Rxe6 Rh2+ 71. Kc1 Kxc4
72. Re3 Kb4 73. Rf3 c4 74. Rg3 Rh1+ 75. Kc2 Rh2+ 76. Kc1 Ra2 77. Rh3 Ra3 78.
Rxa3 Kxa3 79. Kc2 Kb4 80. Kb2 c3+ 81. Kc2 Kc4 82. Kc1 Kb3 83. Kb1 1/2-1/2

[Event "BL 8182 Erlangen-Delmenhorst"]
[Site "?"]
[Date "1982.??.??"]
[Round "?.3"]
[White "Meyer, CD."]
[Black "Tischer, G."]
[Result "1-0"]
[WhiteElo "2285"]
[BlackElo "2275"]
[PlyCount "129"]
[EventDate "1982.??.??"]

1. e4 e6 2. d4 d5 3. Nd2 Nf6 4. e5 Nfd7 5. Bd3 c5 6. c3 Nc6 7. Ne2 cxd4 8. cxd4
Qb6 9. Nf3 f6 10. exf6 Nxf6 11. O-O Bd6 12. Nc3 O-O 13. Be3 Qd8 14. Be2 Bd7 15.
a3 Kh8 16. Rc1 Qe8 17. Bg5 Qg6 18. Bh4 Rae8 19. Bg3 Bxg3 20. hxg3 e5 21. dxe5
Nxe5 22. Nxd5 Nxd5 23. Qxd5 Nxf3+ 24. Bxf3 Bc6 25. Qh5 Bxf3 26. Qxg6 hxg6 27.
gxf3 Rxf3 28. Rc2 Rb3 29. Rd1 Re7 30. Kg2 Kg8 31. Rd4 Kf7 32. Rf4+ Ke6 33. Re2+
Kd7 34. Rd4+ Ke8 35. Red2 Kf7 36. Rf4+ Ke6 37. Kh3 Rb5 38. Kg4 Re5 39. Rfd4 Kf6
40. f4 Re3 41. R4d3 Rxd3 42. Rxd3 Rc7 43. Rd6+ Kf7 44. Rd5 Re7 45. Kg5 Rc7 46.
g4 b6 47. b4 Re7 48. Rd6 Rc7 49. Rd3 Re7 50. Rc3 Rd7 51. Rc6 Rd5+ 52. f5 gxf5
53. gxf5 Rd7 54. a4 Rd4 55. Rc7+ Kf8 56. a5 Rxb4 57. a6 Ra4 58. Rxa7 b5 59. f6
gxf6+ 60. Kxf6 Ke8 61. Ke6 Kd8 62. Kd6 Rd4+ 63. Kc6 Rc4+ 64. Kb6 Rh4 65. Rg7
1-0